| 000 | 00513cam a22001577a 4500 | ||
|---|---|---|---|
| 008 | 180718b2006 xxu||||| |||| 00| 0 eng d | ||
| 020 | _a0199230676 | ||
| 082 | _aT2 K527 | ||
| 245 |
_aLinking the formal and informal economy: concepts and policies _cedited by Basudeb Guha-Khasnobis, Ravi Kanbur, and Elinor |
||
| 260 |
_aOxford _bOxford Univ. Press _c2006 |
||
| 300 | _a294p. | ||
| 650 | _aInformal sector (economics) | ||
| 700 | _aOstrom, Elinor | ||
| 700 | _aKanbur, Ravi | ||
| 700 | _aGuha-Khasnobis, Basudeb | ||
| 999 |
_c406493 _d406493 |
||